logo

Bir Sreshtho Munshi Abdur Rouf Library
Jhenaidah Cadet College

তাসাউফ তরিকত উৎপত্তি ও ক্রমবিকাশ / (Record no. 13170)

MARC details
000 -LEADER
fixed length control field 00864nam a2200217 a 4500
001 - CONTROL NUMBER
JCCL Control Number 13170
003 - CONTROL NUMBER IDENTIFIER
JCCL marc code BD-JhCC
005 - DATE AND TIME OF LATEST TRANSACTION
control field 20230716104505.0
008 - FIXED-LENGTH DATA ELEMENTS--GENERAL INFORMATION
fixed length control field 230716s2018 bg |||| |||| 000 0 ben d
020 ## - INTERNATIONAL STANDARD BOOK NUMBER
International Standard Book Number 9789847764337
035 ## - SYSTEM CONTROL NUMBER
system control number (BD-JhCC)13170
040 ## - CATALOGING SOURCE
Original cataloging agency BD-JhCC
Modifying agency BD-JhCC
041 ## - LANGUAGE CODE
Language code of Book ben
082 ## - DEWEY DECIMAL CLASSIFICATION NUMBER
Classification number 297
Author mark and Year ROH 2018
100 ## - MAIN ENTRY--PERSONAL NAME
Personal name রহমান, প্রফেসর ড. আবুল বয়ান মুহাম্মদ ছিদ্দিকুর
245 ## - TITLE STATEMENT
Title তাসাউফ তরিকত উৎপত্তি ও ক্রমবিকাশ /
Statement of responsibility, etc প্রফেসর ড. আবুল বয়ান মুহাম্মদ ছিদ্দিকুর রহমান
260 ## - PUBLICATION, DISTRIBUTION, ETC. (IMPRINT)
Place of publication, distribution, etc ঢাকা :
Name of publisher, distributor, etc ঐতিহ্য,
Date of publication, distribution, etc ২০১৮
300 ## - PHYSICAL DESCRIPTION
Pagination ১৩২ পৃ. :
Dimensions ২১ সেমি.
650 ## - SUBJECT ADDED ENTRY--TOPICAL TERM
Topical term or geographic name as entry element islam
942 ## - ADDED ENTRY ELEMENTS (KOHA)
Source of classification or shelving scheme Dewey Decimal Classification
Koha item type Books
Holdings
Source of classification or shelving scheme Damaged status Not for loan Home library Current library Shelving location Date of accession Cost, normal purchase price Total Checkouts Full call number Barcode Date last seen Copy number Method of acquisition Koha item type Currency
Dewey Decimal Classification     JCC Rouf Library JCC Rouf Library General Stacks 06/14/2023 150.00   297 ROH 2018 17944 07/16/2023 C-1 Purchase Books BDT

JCC Library | Contacts | JCC Home

Last Update on 23 September 2017
Copyright @ 2017-2020 JCC Rouf Library
Rouf Library, Jhenidah Cadet College (JCC), Bangladesh